000 00481nam a2200217Ia 4500
001 13083
003 GE_BSU
008 181216s||||||||xx |||||||||||||| ||und||
020 _a97803406554286
040 _cGE_BSU
080 _a821.111-3
100 _aKing,Stephen.
245 _aDesperation.
260 _aLondon.
260 _bNew English Library Hodder & Stoughton.
260 _c1996
300 _a720p;18cm.
300 _bill.
653 _aDesperation.
942 _cBK
999 _c46250
_d46250